000 01014cab a2200205 4500
001 L136449
008 070131n2007 000 0 eng u
035 _a(Sirsi) u136449
041 0 _aeng
110 2 _aCommission for Architecture and the Built Environment
_94058
245 0 0 _aGuidance on tall buildings
_bconsultation draft 2007
_h[electronic resource]
260 _aLondon
_bCABE
_c2007
520 _aCABE and English Heritage have reviewed and updated their joint Guidance on tall buildings, first published in 2003, to reflect changes to the planning system and their experience of evaluating planning applications for tall buildings.
590 _aKA NTK
651 4 _aEngland
_y886-
690 _aBUILT ENVIRONMENT-BUILDING TYPES-TALL BUILDINGS
710 2 _aEnglish Heritage
_92714
856 4 0 _uhttps://webarchive.nationalarchives.gov.uk/20110118095356/http://www.cabe.org.uk/files/draft-guidance-on-tall-buildings.pdf
_zView the consultation draft free of charge at www.cabe.org.uk...
942 _n0
999 _c78299
_d78299